000
00286cam a22001097a 4500
008
180718b1948 xxu||||| |||| 00| 0 eng d
082
_a
Q9x5411 c.2
100
_a
Chopra, A.N.
245
_a
Jail guide
_c
by A.N. Chopra
260
_a
Shillong
_b
Assam Government Press
_c
1948
300
_a
117p.
999
_c
419240
_d
419240